| 000 | 00550nam a22002057a 4500 | ||
|---|---|---|---|
| 005 | 20260515115019.0 | ||
| 008 | 240506b |||||||| |||| 00| 0 eng d | ||
| 020 | _a9789385756269 | ||
| 040 |
_aIN-DiNC _cIN-DiNC |
||
| 041 | _deng | ||
| 082 |
_a320.3 _bLOD |
||
| 100 |
_aLod, Aruna Gyati _eauthor |
||
| 245 |
_aComparative political system/ _cby Aruna Gyati Lod |
||
| 250 | _a1st ed. | ||
| 260 |
_aMeerut: _bBalaji publishers, _c2018. |
||
| 300 | _av, 284p. | ||
| 650 | _aForms of government | ||
| 650 | _aPolitical structure | ||
| 942 |
_2ddc _cBK |
||
| 999 |
_c11779 _d11779 |
||